Descripçao de alguns silex e quartzites lascados encontrados nas camadas dos terrenos terciario e quaternario das bacias do Tejo e Sado (Record no. 189528)
[ view plain ]
| 000 -LEADER | |
|---|---|
| campo de control de longitud fija | 01069nam a2200193 i 4500 |
| 001 - NÚMERO DE CONTROL | |
| campo de control | 189528 |
| 003 - IDENTIFICADOR DE NÚMERO DE CONTROL | |
| campo de control | ES-MaACL |
| 005 - FECHA Y HORA DE LA ÚLTIMA TRANSACCIÓN | |
| campo de control | 20230906223508.0 |
| 008 - DATOS DE LONGITUD FIJA--INFORMACIÓN GENERAL | |
| campo de control de longitud fija | 190607s1871 po f |||| | por d |
| 100 1# - ENTRADA PRINCIPAL--NOMBRE DE PERSONA | |
| Nombre de persona | Ribeiro, Carlos. |
| 9 (RLIN) | 96751 |
| 245 10 - MENCIÓN DEL TÍTULO | |
| Título | Descripçao de alguns silex e quartzites lascados encontrados nas camadas dos terrenos terciario e quaternario das bacias do Tejo e Sado |
| Resto del título | : memoria apresentada á Academia Real das Sciencias de Lisboa / |
| Mención de responsabilidad, etc. | por Carlos Ribeiro ; com a versao em francez por M. Dalhunty. |
| 260 ## - PUBLICACIÓN, DISTRIBUCIÓN, ETC. | |
| Lugar de publicación, distribución, etc. | Lisboa : |
| Nombre del editor, distribuidor, etc. | Typ. da Academia, |
| Fecha de publicación, distribución, etc. | 1871. |
| 300 ## - DESCRIPCIÓN FÍSICA | |
| Extensión | 57, 57 p., X h. de lám. ; |
| Dimensiones | 30 cm. |
| 546 ## - NOTA DE IDIOMA | |
| Nota de lengua/lenguaje | Texto en portugués y francés (2ª secuencia de 57 p.) |
| 599 ## - NOTA A LAS ILUSTRACIONES | |
| NOTA A LAS ILUSTRACIONES | Lám.: litogr. da Commissao Geologica de Portugal. |
| 651 #4 - PUNTO DE ACCESO ADICIONAL DE MATERIA--NOMBRE GEOGRÁFICO | |
| Nombre geográfico | Portugal- |
| Subdivisión general | Restos arqueológicos. |
| 9 (RLIN) | 137322 |
| 710 2# - ENTRADA AGREGADA--NOMBRE DE ENTIDAD CORPORATIVA | |
| Nombre de entidad corporativa o nombre de jurisdicción como elemento de entrada | Academia das Ciências de Lisboa. |
| 9 (RLIN) | 1159 |
| 852 ## - LOCALIZACIÓN | |
| Ubicación | ES-MaACL |
| Número de control de estantería | L-32447(1) |
| Nota libre | - Enc. cart. |
| -- | - Legado Federico de Botella y de Hornos |
| -- | - Enc. en 1 vol. facticio, con nombre en el lomo de: "Portugal: geología, memorias y documentos varios" |
| Estatus retirado | Estado de pérdida | Estado de daño | No para préstamo | Colección | Biblioteca de origen | Biblioteca actual | Ubicación en estantería | Fecha de adquisición | Fuente de adquisición | Total de préstamos | Signatura topográfica completa | Código de barras | Visto por última vez | Precio de reemplazo | Tipo de ítem Koha |
|---|---|---|---|---|---|---|---|---|---|---|---|---|---|---|---|
| Libros del s. XIX | Biblioteca del Ateneo de Madrid | Biblioteca del Ateneo de Madrid | Depósito 2 | 07/06/2019 | L-32447(1) | 1200823 | 23/02/2023 | 23/02/2023 | Libro impreso antiguo |
